000
00523nam a2200169Ia 4500
008
090123s9999 xx 000 0 und d
082
_b
20406
100
_a
सावंत आत्माराम
245
_a
मध्ंयंतर
250
_a
0
260
_b
श्रध्दा प्रकाशन
600
_a
सावंत आत्माराम
630
_a
मध्ंयंतर
700
_a
सावंत आत्माराम
730
_a
मध्ंयंतर
942
_c
BOOK
999
_c
73124
_d
73124